Estudio de pre factibilidad del proyecto de abastecimiento de agua potable rural en el Barrio La Tejera perteneciente al municipio de Jinotega
El proyecto surge de las necesidades actuales y futuras de los habitantes del barrio La Tejera de Jinotega, ya que presenta un desabastecimiento en la población de agua para el consumo humano que provenga de fuentes confiables; la calidad del agua que actualmente utilizan ha provocado que los pobla...
| Main Authors: | , |
|---|---|
| Other Authors: | |
| Format: | Tesis Section = Libro |
| Language: | Undetermined Spanish |
| Published: |
Managua
UNI
2018
|
| Subjects: |
| LEADER | 01792nam a2200265Ia 4500 | ||
|---|---|---|---|
| 008 | 240830s9999 xx 000 0 und d | ||
| 040 | |a BIBLIOTECA-RUSB/ M.Mon 658.404 A663 | ||
| 041 | |a spa | ||
| 082 | |a M.Mon 658.404 A663 | ||
| 100 | 1 | |a Arauz López, Hebe | |
| 100 | 1 | |b Zuniga Guillen, Jhader | |
| 245 | 1 | 0 | |a Estudio de pre factibilidad del proyecto de abastecimiento de agua potable rural en el Barrio La Tejera perteneciente al municipio de Jinotega |
| 260 | |a Managua |b UNI |c 2018 | ||
| 300 | |a 117 p. :il. | ||
| 500 | |a Contiene: anexos y CD. | ||
| 502 | |a Tesis (Master en Gerencia de Proyectos de Desarrollo.) - UNI, 2018. | ||
| 520 | 3 | |a El proyecto surge de las necesidades actuales y futuras de los habitantes del barrio La Tejera de Jinotega, ya que presenta un desabastecimiento en la población de agua para el consumo humano que provenga de fuentes confiables; la calidad del agua que actualmente utilizan ha provocado que los pobladores del Barrio sufran continuamente enfermedades de origen hídrico. Las fuentes de agua que abastece la población se encuentra a 1 km del Barrio. Esto significa que los pobladores tienen que transportar el agua en carreta o cargar con fuerza humana desde la fuente a sus casas, esta actividad se realiza diariamente para poder asegurar la disponibilidad del recurso hídrico en sus casas. El tiempo dedicado a esta actividad limita que los pobladores puedan dedicarse eficientemente a desarrollar actividades económicas que les permita generar ingresos a las familias. | |
| 650 | 7 | |a ESTUDIOS DE FACTIBILIDAD | |
| 650 | 7 | |b ABASTECIMIENTO DE AGUA POTABLE-PROYECTOS | |
| 650 | 7 | |c ESTUDIO DE MERCADO | |
| 650 | 7 | |d EVALUACION FINANCIERA | |
| 700 | 1 | |a Tutor: |b Varela Fonseca, Wilfredo | |
| 942 | |c BK |2 ddc | ||
| 991 | |a TESIS | ||
| 999 | |c 19430 | ||